Регионална библиотека "Любен Каравелов" - Русе

[Левълз] Levels UP (Запис номер 134501)

MARC детайли
000 -Лидер
Контролно поле с фиксирана дължина 02404nam a2200445 c 4500
003 - Код на организацията, давaща контролен номер
Контролно поле BLK
005 - Дата и час на последна редакция
Контролно поле 20250802124939.0
008 - Елементи от данни с фиксирана дължина
fixed length control field 180409b bul|||||r ||||||| ||bul||
010 ## - Наследен системен номер
LC control number KNG00140415000
020 ## - Международен стандартен номер на книга ISBN
Международен стандартен номер на книга ISBN 978-619-7060-01-0
-- издат.: Levels UP
040 ## - Източник на каталожния запис
Идентификатор на билиотеката - собственик на записа BLK
041 ## - Код за език
Код за езика на текст/звукозапис или на отделно заглавие Български
Код за езика КДБФ Български
072 #7 - Код за тематичната категория
Код организация bullib
Код за тематична категория Н33
Текст Икономика Н
080 ## - УДК
Текстов определител УДК Икономическо положение. Икономическа политика. Управление. Планиране. Производство. Услуги. Цени
УДК код - определител по УДК 338
УДК определител (02.062)
УДК - код + определител 338(02.062)
080 ## - УДК
Текстов определител УДК Икономическа психология. Икономическо поведение. Физиологични и психологични елементи. Интереси. Икономически дух
УДК код - определител по УДК 330.16
УДК определител (02.062)
УДК - код + определител 330.16(02.062)
080 ## - УДК
Текстов определител УДК Вземане на решения. План. Спецификация
УДК код - определител по УДК 005.53
УДК определител (02.062)
УДК - код + определител 005.53(02.062)
080 ## - УДК
Текстов определител УДК Методи на управление. Мениджмънт. Анализи, планиране, ръководство, сътрудничество, контрол, коопериране и др.
УДК код - определител по УДК 005.5
УДК определител (02.062)
УДК - код + определител 005.5(02.062)
100 1# - Редна дума - Автор
Автор Благоев, Радослав
Авторска отговорност първи автор
R(LIN) 324434
139 ## - Редно поле
Редна дума Благоев, Радослав
Авторски знак Бл - Б 47
245 10 - Сведения за заглавието
Заглавие [Левълз] Levels UP
Подзаглавни данни Да превърнем идеите в бизнес, а мечтите в реалност!
Редно поле (дума) Радослав Благоев.
257 ## - Страна на издаване
Страна на създаване/издаване България
260 ## - Област на издателските данни
-- София
Име на издателя, разпространителя и проч. Levels UP
Година на издаване 2013
300 ## - Физическа характеристика
Страници 143 с.
Илюстрации и др. с ил.
Размери/Мащаб 21 см
380 ## - Жанр
Жанр Техника
500 ## - Общи забележки
Забележка Съдържа и за авт.
650 #4 - Допълнително описание по предмет – тема
Основно описание – тема или топоним Предприемачество - популярна литература
9 (RLIN) 265781
650 #4 - Допълнително описание по предмет – тема
Основно описание – тема или топоним Икономическа психология
9 (RLIN) 263790
650 #4 - Допълнително описание по предмет – тема
Основно описание – тема или топоним Поведение - в бизнеса
9 (RLIN) 243749
650 #4 - Допълнително описание по предмет – тема
Основно описание – тема или топоним Управление - на стопанство
9 (RLIN) 309301
653 ## - Ключова дума – ненормативна
Ключова дума предприемачество
653 ## - Ключова дума – ненормативна
Ключова дума бизнес поведение
653 ## - Ключова дума – ненормативна
Ключова дума икономическо поведение
659 ## - Тематичен бюлетин
Тематичен бюлетин Н
852 ## - Местоположение
Форматна сигнатура Цб 258639
856 4# - Електронен адрес и достъп
Електронен формат pdf - файл
Път до файла /url/
856 4# - Електронен адрес и достъп
Електронен формат pdf - файл
Път до файла /url/
942 ## - АРТИКУЛИ
Вид на библиотечния материал Книги
Скрит в OPAC Не
Koha issues (borrowed), all copies 2
944 ## - СЪЗДАВАНЕ И РЕДАКЦИЯ на ЗАПИСА
Създаване/Редакция Създаване
Дата на регистрацията/редакция 07.03.2013
Статус, дата на статуса Мартин Енчев
Служител, извършил регистрацията/редакцията 30575
944 ## - СЪЗДАВАНЕ И РЕДАКЦИЯ на ЗАПИСА
Създаване/Редакция Редакция
Дата на регистрацията/редакция 20.08.2015
Статус, дата на статуса ф /
Служител, извършил регистрацията/редакцията Виолета_Тройчева
999 ## - СИСТЕМНИ КОНТРОЛНИ НОМЕРА
Koha biblionumber 134501
Koha biblioitemnumber 134501
Наличности
Код за отписване Код за изгубен артикул Код за повреда Коз за рестрикции Код за отдаване Артикулен № Име на библиотеката - собственик Име на библиотеката, в която се намира в момента Статус (Текущо местоположение) Дата на вписване в системата Местоположение - отдел Цена в лева Инвентарен номер Систематично азбучна сигнатура Баркод Номер на екземпляра Цена в евро Служебна бележка Служебен тип на артикула
  Не е изгубен Не е повреден без рестрикции заемане за дома 219778 Регионална библиотека "Любен Каравелов" Русе Регионална библиотека "Любен Каравелов" Русе Заемна - подръчен фонд 2013-03-07 Заемна - подръчен фонд 7.43 120000764756 П 338/Б 47 120000764756 1 3.80 Дост: Pk Вид: Ф N: 422 Дата: 03.03.2013 Дата инв: 05.02.2018 Бележки инв: П2018 Книги
  Не е изгубен Не е повреден без рестрикции ползва се в читалня 219779 Регионална библиотека "Любен Каравелов" Русе Регионална библиотека "Любен Каравелов" Русе Хранилище 2015-08-10 Хранилище 14.90 120000791019 Цб 258639 120000791019 2 7.62 Дост: Dp Вид: Д N: 16 Дата: 31.03.2015 Книги
Vip Innovations Ltd, Rousse, Bulgaria 2025